Advanced accounts / (Record no. 3711)
[ view plain ]
| 000 -LEADER | |
|---|---|
| fixed length control field | 00435nam a2200157 4500 |
| 001 - CONTROL NUMBER | |
| control field | 4480 |
| 005 - DATE AND TIME OF LATEST TRANSACTION | |
| control field | 20181127173506.0 |
| 020 00 - INTERNATIONAL STANDARD BOOK NUMBER | |
| International Standard Book Number | 8121911001 |
| 090 00 - LOCALLY ASSIGNED LC-TYPE CALL NUMBER (OCLC); LOCAL CALL NUMBER (RLIN) | |
| Classification number (OCLC) (R) ; Classification number, CALL (RLIN) (NR) | 657.046 S5623a 2014 |
| 100 00 - MAIN ENTRY--PERSONAL NAME | |
| Personal name | Shukla, M. C. |
| 245 00 - TITLE STATEMENT | |
| Title | Advanced accounts / |
| Remainder of title | |
| Statement of responsibility, etc. | M.C. Shukla, T.S. Grewal, S. C. Gupta |
| Medium | |
| 250 00 - EDITION STATEMENT | |
| Edition statement | Revised Edition. |
| 260 00 - PUBLICATION, DISTRIBUTION, ETC. | |
| Place of publication, distribution, etc. | New Delhi : |
| Name of publisher, distributor, etc. | S. Chand & Co., |
| Date of publication, distribution, etc. | 2014. |
| 500 ## - GENERAL NOTE | |
| General note | On cover: ""Revised edition"" |
| 650 00 - SUBJECT ADDED ENTRY--TOPICAL TERM | |
| Topical term or geographic name entry element | Accounting. |
| General subdivision | |
| Withdrawn status | Lost status | Source of classification or shelving scheme | Damaged status | Not for loan | Collection code | Home library | Current library | Shelving location | Date acquired | Serial Enumeration / chronology | Inventory number | Total Checkouts | Total Renewals | Full call number | Barcode | Date last seen | Date last checked out | Price effective from | Koha item type | Copy number | Public note |
|---|---|---|---|---|---|---|---|---|---|---|---|---|---|---|---|---|---|---|---|---|---|
| Dewey Decimal Classification | Fac res | RTC Library | RTC Library | Faculty reserve | 23/12/2021 | I | 7160 | 1 | 1 | 657.046 SHU | 30007229 | 28/02/2022 | 20/08/2019 | 27/11/2018 | Faculty Reserve | ||||||
| Dewey Decimal Classification | Fac res | RTC Library | RTC Library | Faculty reserve | 23/12/2021 | II | 7161 | 657.046 SHU | 30007205 | 28/02/2022 | 27/11/2018 | Faculty Reserve | 1 | ||||||||
| Dewey Decimal Classification | Main TEST | RTC Library | RTC Library | Main opac | 28/10/2025 | II | 11992 | 1 | 657.046 SHU | 30012527 | 09/11/2025 | 28/10/2025 | 27/11/2018 | Main | 2 | ||||||
| Dewey Decimal Classification | Main TEST | RTC Library | RTC Library | Main opac | 09/09/2024 | 18799 | 657.046 SHU | 30019926 | 09/09/2024 | 27/11/2018 | Main | 4 | Donated by Madam Nawang |